Homenaje del Ilustre Colegio Oficial de Médicos de Madrid a Santiago Ramón y Cajal (Record no. 68268)

MARC details
000 -LEADER
campo de control de longitud fija 00838nam a2200217 i 4500
001 - NÚMERO DE CONTROL
campo de control 68268
003 - IDENTIFICADOR DE NÚMERO DE CONTROL
campo de control ES-MaACL
005 - FECHA Y HORA DE LA ÚLTIMA TRANSACCIÓN
campo de control 20230906170235.0
007 - CAMPO FIJO DE DESCRIPCIÓN FÍSICA--INFORMACIÓN GENERAL
campo de control de longitud fija t|
008 - DATOS DE LONGITUD FIJA--INFORMACIÓN GENERAL
campo de control de longitud fija 040615s2004 sp ||||1| spa d
020 ## - NÚMERO INTERNACIONAL ESTÁNDAR DEL LIBRO
Número Internacional Estándar del Libro 84-87694-08-X
080 ## - NÚMERO DE LA CLASIFICACIÓN DECIMAL UNIVERSAL
Número de la Clasificación Decimal Universal 61 Ramón y Cajal, Santiago (082.2)
245 00 - MENCIÓN DEL TÍTULO
Título Homenaje del Ilustre Colegio Oficial de Médicos de Madrid a Santiago Ramón y Cajal
Resto del título : 150 Aniversario de su nacimiento /
Mención de responsabilidad, etc. prólogo, Juliana Fariña González.
260 ## - PUBLICACIÓN, DISTRIBUCIÓN, ETC.
Lugar de publicación, distribución, etc. Madrid :
Nombre del editor, distribuidor, etc. Ilustre Colegio Oficial de Médicos de Madrid,
Fecha de publicación, distribución, etc. 2004.
300 ## - DESCRIPCIÓN FÍSICA
Extensión 315 p. :
Otras características físicas il. ;
Dimensiones 21 cm.
600 14 - PUNTO DE ACCESO ADICIONAL DE MATERIA--NOMBRE DE PERSONA
Nombre de persona Ramón y Cajal, Santiago,
Fechas asociadas al nombre 1852-1934-
Subdivisión de forma Homenajes
9 (RLIN) 95230
700 1# - ENTRADA AGREGADA--NOMBRE PERSONAL
Nombre de persona Fariña González, Juliana.
9 (RLIN) 48866
710 2# - ENTRADA AGREGADA--NOMBRE DE ENTIDAD CORPORATIVA
Nombre de entidad corporativa o nombre de jurisdicción como elemento de entrada Ilustre Colegio Oficial de Médicos de Madrid.
9 (RLIN) 4693
852 ## - LOCALIZACIÓN
Ubicación ES-MaACL
Número de control de estantería L-27965
Holdings
Estatus retirado Estado de pérdida Estado de daño No para préstamo Biblioteca de origen Biblioteca actual Ubicación en estantería Fecha de adquisición Fuente de adquisición Total de préstamos Signatura topográfica completa Código de barras Visto por última vez Precio de reemplazo Tipo de ítem Koha
        Biblioteca del Ateneo de Madrid Biblioteca del Ateneo de Madrid Depósito 2 17/01/2008     L-27965 1071467 23/02/2023 23/02/2023 Libro impreso